Role žen v ekonomice a společnosti: minulost, současnost a budoucnost
Historický pohľad na postavenie žien v českej a európskej spoločnosti. Vnímanie žien a mužov v kategórie farby. orientácie a správania sa. Premeny úlohy muža a ženy. Postavenie žien v súčasnosti.
Uložené v:
| Hlavný autor: | |
|---|---|
| Médium: | Kapitola |
| Jazyk: | Czech |
| Predmet: | |
| Tagy: |
Žiadne tagy, Buďte prvý, kto otaguje tento záznam!
|
MARC
| LEADER | 00000naa a2200000 4500 | ||
|---|---|---|---|
| 001 | 0220661 | ||
| 005 | 20220905090944.2 | ||
| 041 | 0 | |a cze | |
| 044 | |a CZ | ||
| 245 | 1 | 0 | |a Role žen v ekonomice a společnosti: minulost, současnost a budoucnost |c Helena Hanzlíková |
| 520 | |a Historický pohľad na postavenie žien v českej a európskej spoločnosti. Vnímanie žien a mužov v kategórie farby. orientácie a správania sa. Premeny úlohy muža a ženy. Postavenie žien v súčasnosti. | ||
| 610 | 2 | 0 | |a ženy |
| 610 | 2 | 0 | |a muži |
| 610 | 2 | 0 | |a história |
| 610 | 2 | 0 | |a Česko |
| 610 | 2 | 0 | |a Európa |
| 610 | 2 | 0 | |a spoločnosť |
| 100 | 1 | |a Hanzlíková, Helena | |